| 000 | 00367 a2200133 4500 | ||
|---|---|---|---|
| 001 | 91350 | ||
| 082 | _aPR 1244 | ||
| 090 |
_c43471 _d43470 |
||
| 100 | _aOmer Fayyaz; | ||
| 245 |
_aTo Formulate Computer Code for Matching Compressor and turbine Performance _n46 "A" EC |
||
| 260 |
_aKarachi _bNED University _c1997 |
||
| 300 | _avii,75p | ||
| 500 | _aBE Project Reports | ||
| 942 |
_aCAE NUST _kPR 1244 |
||
| 999 |
_c326423 _d326423 |
||